[Event "NAYCC U10"]
[Site "Kingston CAN"]
[Date "2019.08.18"]
[Round "6.44"]
[White "Liu, Henry"]
[Black "Liang, Leon"]
[Result "0-1"]
[WhiteElo "797"]
[BlackElo "1198"]
[PlyCount "92"]
[EventDate "2019.08.16"]
[EventType "swiss"]
[EventRounds "9"]
[EventCountry "CAN"]

1. e4 c5 2. Nf3 Nc6 3. Nc3 d6 4. Bb5 Bg4 5. h3 Bh5 6. Qe2 a6 7. Ba4 b5 8. Nxb5
axb5 9. Bxb5 Qc7 10. Qd3 Nf6 11. Qe3 e5 12. O-O Be7 13. c4 O-O 14. d3 Na7 15.
Ba4 Nc8 16. b3 Nb6 17. Qd2 Bxf3 18. gxf3 Nxa4 19. bxa4 Rxa4 20. Re1 Nh5 21. Kf1
Nf4 22. Re3 Nxh3 23. Ke2 Bg5 24. Qc2 Bxe3 25. Qxa4 Bxf2 26. Kd2 Bd4 27. Rb1 h6
28. Kc2 Rb8 29. Rxb8+ Qxb8 30. Qd7 Nf4 31. Qf5 Ne2 32. Bd2 Qb2+ 33. Kd1 Nc3+
34. Bxc3 Qb1+ 35. Kd2 Qxa2+ 36. Kd1 Qb3+ 37. Ke2 Qc2+ 38. Bd2 g6 39. Qc8+ Kg7
40. Ke1 Qxd3 41. Qh3 Qxc4 42. Qxh6+ Kg8 43. Qh2 Bc3 44. Kd1 Qb3+ 45. Kc1 Bb2+
46. Kb1 Ba3+ 0-1

[Event "NAYCC U10"]
[Site "Kingston CAN"]
[Date "2019.08.18"]
[Round "6.45"]
[White "Villegas, Howard"]
[Black "Huang, Ivan"]
[Result "0-1"]
[WhiteElo "724"]
[BlackElo "1138"]
[PlyCount "74"]
[EventDate "2019.08.16"]
[EventType "swiss"]
[EventRounds "9"]
[EventCountry "CAN"]

1. e4 e6 2. Nf3 d5 3. exd5 exd5 4. d4 Nf6 5. Bg5 h6 6. Bxf6 Qxf6 7. Nc3 c6 8.
h3 Bf5 9. Be2 Bd6 10. Qd2 Nd7 11. O-O-O O-O-O 12. Rhe1 g5 13. g3 Bxh3 14. Kb1
Bf5 15. Bd3 Bg4 16. Be2 Bxf3 17. Bxf3 Qxf3 18. a3 Rhe8 19. Rxe8 Rxe8 20. Re1
Rxe1+ 21. Qxe1 Nf6 22. Qe2 Qxe2 23. Nxe2 Ne4 24. f4 gxf4 25. gxf4 Kd7 26. b3
Ke6 27. c4 Kf5 28. c5 Bxf4 29. Kc2 h5 30. Kd1 Kg4 31. Ke1 Bd2+ 32. Kf1 Ng3+ 33.
Nxg3 Kxg3 34. Kg1 f5 35. b4 h4 36. Kh1 f4 37. b5 f3 0-1

[Event "NAYCC U10"]
[Site "Kingston CAN"]
[Date "2019.08.18"]
[Round "6.46"]
[White "Hanchell, Lheerin"]
[Black "Chen, Ricky"]
[Result "0-1"]
[WhiteElo "1050"]
[BlackElo "954"]
[PlyCount "30"]
[EventDate "2019.08.16"]
[EventType "swiss"]
[EventRounds "9"]
[EventCountry "CAN"]

1. e4 e5 2. Nf3 Nc6 3. Bc4 Bc5 4. O-O Nf6 5. Nc3 O-O 6. d3 h6 7. h3 d6 8. Re1
Be6 9. Bxe6 fxe6 10. Nh4 Nh7 11. Rf1 Qxh4 12. g3 Qxg3+ 13. Kh1 Rxf2 14. Rxf2
Bxf2 15. Nb5 Qxh3# 0-1

[Event "NAYCC U10"]
[Site "Kingston CAN"]
[Date "2019.08.18"]
[Round "6.47"]
[White "Huang, Ryan"]
[Black "Cacciatore, Luc"]
[Result "0-1"]
[WhiteElo "773"]
[BlackElo "1298"]
[PlyCount "74"]
[EventDate "2019.08.16"]
[EventType "swiss"]
[EventRounds "9"]
[EventCountry "CAN"]

1. e4 e5 2. Nf3 Nc6 3. Nc3 Nf6 4. Bb5 Be7 5. O-O O-O 6. d3 a6 7. Ba4 b5 8. Bb3
d6 9. Re1 Na5 10. Bd5 c6 11. Bb3 Nxb3 12. axb3 Ne8 13. Bg5 Bxg5 14. Nxg5 Qxg5
15. Re3 f5 16. Rg3 Qe7 17. Qd2 f4 18. Rf3 Bg4 19. Qe2 Nf6 20. h3 Bxf3 21. Qxf3
Rfd8 22. Re1 b4 23. Na4 Qb7 24. c4 bxc3 25. Nxc3 Qxb3 26. Rb1 d5 27. h4 d4 28.
Ne2 Qa2 29. Re1 Qxb2 30. Qh3 a5 31. Qe6+ Kh8 32. Qxc6 Qd2 33. Kf1 Qxd3 34. Rc1
Rac8 35. Qxc8 Rxc8 36. Rxc8+ Ng8 37. Ra8 Qd1# 0-1

[Event "NAYCC U10"]
[Site "Kingston CAN"]
[Date "2019.08.18"]
[Round "6.48"]
[White "Odrcich, Eric"]
[Black "Su, Leo"]
[Result "0-1"]
[WhiteElo "564"]
[BlackElo "915"]
[PlyCount "60"]
[EventDate "2019.08.16"]
[EventType "swiss"]
[EventRounds "9"]
[EventCountry "CAN"]

1. e4 e5 2. Nf3 Nc6 3. Nc3 Nf6 4. Be2 Bc5 5. O-O O-O 6. d3 h6 7. h3 d6 8. a3
Be6 9. b4 Bb6 10. b5 Nd4 11. Be3 Nxe2+ 12. Qxe2 Bxe3 13. Qxe3 d5 14. Nxe5 d4
15. Qd2 dxc3 16. Qxc3 Qe8 17. Qxc7 Qxb5 18. Rab1 Qa6 19. Rxb7 Qxa3 20. Rb3 Bxb3
21. cxb3 Qxb3 22. Nc6 Qxd3 23. Re1 Nxe4 24. Ne5 Qd2 25. Nf3 Qxf2+ 26. Kh2 Nd2
27. Qc3 Nxf3+ 28. Kh1 Nxe1 29. Qc6 a5 30. Qd7 Qxg2# 0-1

[Event "NAYCC U10"]
[Site "Kingston CAN"]
[Date "2019.08.18"]
[Round "6.49"]
[White "Qiu, Max"]
[Black "Beechener, Alexander"]
[Result "1-0"]
[WhiteElo "888"]
[BlackElo "497"]
[PlyCount "33"]
[EventDate "2019.08.16"]
[EventType "swiss"]
[EventRounds "9"]
[EventCountry "CAN"]

1. e4 e5 2. Nf3 Bb4 3. a3 Bd6 4. Bc4 Qf6 5. d3 Qg6 6. O-O Bc5 7. b4 d5 8. Bxd5
Bh3 9. g3 Bxf1 10. Kxf1 c6 11. Nh4 Qf6 12. bxc5 cxd5 13. exd5 e4 14. Qe2 Qxa1
15. Qxe4+ Ne7 16. d6 Qxb1 17. Qxe7# 1-0

[Event "NAYCC U10"]
[Site "Kingston CAN"]
[Date "2019.08.19"]
[Round "7.22"]
[White "Chamadia, Avaan"]
[Black "Lin, Leo"]
[Result "0-1"]
[WhiteElo "1362"]
[BlackElo "1772"]
[PlyCount "202"]
[EventDate "2019.08.16"]
[EventType "swiss"]
[EventRounds "9"]
[EventCountry "CAN"]

1. e4 c5 2. Nf3 d6 3. d4 cxd4 4. Nxd4 Nf6 5. Nc3 a6 6. f3 e5 7. Nb3 Be6 8. Be3
Be7 9. Qd2 Nbd7 10. O-O-O b5 11. g4 Qc7 12. g5 Nh5 13. Nd5 Bxd5 14. exd5 Rc8
15. Na5 Nb6 16. Bxb6 Qxb6 17. Nc6 Nf4 18. Nxe7 Kxe7 19. h4 Rc5 20. Qf2 Qb7 21.
Bd3 Qxd5 22. Kb1 Nxd3 23. Rxd3 Qc6 24. Rhd1 Rc8 25. R3d2 a5 26. f4 exf4 27.
Qxf4 Rxc2 28. Re1+ Kf8 29. Rxd6 Rxb2+ 30. Kxb2 Qc2+ 31. Ka1 Qc3+ 32. Kb1 Qxe1+
33. Kb2 Qc3+ 34. Kb1 Qc2+ 35. Ka1 Re8 36. Qd2 Qc4 37. Rd8 Qe6 38. Qxa5 Qe5+ 39.
Kb1 Qe4+ 40. Ka1 Qh1+ 41. Kb2 Qg2+ 42. Ka1 Qf1+ 43. Kb2 Qe2+ 44. Ka1 Rxd8 45.
Qxd8+ Qe8 46. Qd6+ Kg8 47. h5 Qc8 48. Kb2 Qf8 49. Qf4 b4 50. Kb3 Qd8 51. Qxb4
Qd3+ 52. Ka4 h6 53. gxh6 gxh6 54. Qb8+ Kh7 55. Qh2 Qd7+ 56. Ka3 f5 57. Qf4 Qd3+
58. Kb4 Qb1+ 59. Ka3 Qc2 60. Qf3 Qc5+ 61. Kb3 Qb6+ 62. Ka3 Qd6+ 63. Kb3 f4 64.
Qb7+ Kg8 65. Qc8+ Kf7 66. Qf5+ Qf6 67. Qd7+ Kf8 68. Qc8+ Ke7 69. Qc7+ Ke6 70.
Qc6+ Kf5 71. Qd5+ Kg4 72. Qg2+ Kxh5 73. Qh3+ Kg6 74. Qg4+ Kh7 75. Qd7+ Kh8 76.
Qc8+ Kg7 77. Qb7+ Qf7+ 78. Qxf7+ Kxf7 79. Kc4 h5 80. Kd4 h4 81. Ke4 h3 82. Kf3
Ke6 83. Kf2 Kd5 84. a4 Kc4 85. a5 Kb5 86. Kg1 f3 87. a6 Kxa6 88. Kf2 h2 89.
Kxf3 h1=Q+ 90. Ke3 Qd1 91. Kf4 Qe2 92. Kf5 Kb5 93. Kf4 Kc5 94. Kf5 Kd5 95. Kf4
Qe4+ 96. Kg5 Qf3 97. Kg6 Ke6 98. Kg7 Qf7+ 99. Kh8 Qe7 100. Kg8 Kf6 101. Kh8
Qg7# 0-1

[Event "NAYCC U10"]
[Site "Kingston CAN"]
[Date "2019.08.19"]
[Round "7.23"]
[White "Meister, Xan"]
[Black "Yang, Jingyun (Ryan)"]
[Result "1-0"]
[WhiteElo "1353"]
[BlackElo "1875"]
[PlyCount "67"]
[EventDate "2019.08.16"]
[EventType "swiss"]
[EventRounds "9"]
[EventCountry "CAN"]

1. d4 d5 2. c4 e6 3. Nc3 Nf6 4. cxd5 exd5 5. Bg5 Nbd7 6. e3 c6 7. Bd3 h6 8. Bh4
Be7 9. Nge2 Qb6 10. Qc2 Nf8 11. O-O Ne6 12. f3 O-O 13. Rad1 Re8 14. Kh1 Nf8 15.
Bxf6 Bxf6 16. e4 dxe4 17. fxe4 Be6 18. e5 Bg5 19. b3 Rad8 20. Ne4 Be7 21. Bc4
Qb4 22. Bd3 Bd5 23. N4g3 g6 24. Rf2 Kg7 25. Be4 Bg5 26. Bxd5 Rxd5 27. Rdf1 Re7
28. Ne4 Ne6 29. Nd6 Nxd4 30. Rxf7+ Rxf7 31. Rxf7+ Kh8 32. Qxg6 Qe1+ 33. Ng1 Rc5
34. Qh7# 1-0

[Event "NAYCC U10"]
[Site "Kingston CAN"]
[Date "2019.08.19"]
[Round "7.24"]
[White "Yang, Larry"]
[Black "Xu, Alex"]
[Result "0-1"]
[WhiteElo "1378"]
[BlackElo "1763"]
[PlyCount "72"]
[EventDate "2019.08.16"]
[EventType "swiss"]
[EventRounds "9"]
[EventCountry "CAN"]

1. e4 e6 2. d4 d5 3. e5 c5 4. c3 Nc6 5. Nf3 Qb6 6. Bd3 Bd7 7. dxc5 Bxc5 8. O-O
Nge7 9. Nbd2 Ng6 10. b4 Be7 11. Re1 Qc7 12. Qe2 Nf4 13. Qf1 Nxd3 14. Qxd3 O-O
15. Nb3 Rac8 16. h4 f6 17. exf6 Bxf6 18. Ng5 Bxg5 19. Bxg5 Ne5 20. Qd4 Nf7 21.
Re3 Nxg5 22. hxg5 b6 23. Rh3 Rf4 24. Qd3 g6 25. Re1 Rcf8 26. Qg3 e5 27. Rh2
Rxf2 28. Qd3 Bc6 29. b5 Bb7 30. Nd2 Qc5 31. Kh1 e4 32. Qh3 R8f7 33. g3 e3 34.
Nf1 e2 35. Nd2 d4+ 36. Kg1 dxc3 0-1

[Event "NAYCC U10"]
[Site "Kingston CAN"]
[Date "2019.08.19"]
[Round "7.25"]
[White "Guo, Edward"]
[Black "Tang, Benjamin"]
[Result "1/2-1/2"]
[WhiteElo "1666"]
[BlackElo "1679"]
[PlyCount "34"]
[EventDate "2019.08.16"]
[EventType "swiss"]
[EventRounds "9"]
[EventCountry "CAN"]

1. d4 Nf6 2. Nf3 g6 3. Bf4 Bg7 4. e3 O-O 5. h3 d6 6. Bd3 c5 7. c3 Nc6 8. O-O
Re8 9. Bc2 e6 10. Nbd2 e5 11. dxe5 dxe5 12. Bh2 e4 13. Ng5 Bf5 14. g4 Nxg4 15.
Nxf7 Kxf7 16. hxg4 Qg5 17. Bb3+ Kf6 1/2-1/2

[Event "NAYCC U10"]
[Site "Kingston CAN"]
[Date "2019.08.19"]
[Round "7.26"]
[White "Jiang, Barron Jiyu"]
[Black "Ho, Jasper"]
[Result "1-0"]
[WhiteElo "1421"]
[BlackElo "1730"]
[PlyCount "79"]
[EventDate "2019.08.16"]
[EventType "swiss"]
[EventRounds "9"]
[EventCountry "CAN"]

1. e4 e5 2. Nf3 Nc6 3. d4 exd4 4. Nxd4 Nf6 5. Nxc6 bxc6 6. e5 Qe7 7. Qe2 Nd5 8.
c4 Ba6 9. b3 g6 10. Bb2 Bg7 11. Nd2 O-O 12. g3 Rfe8 13. Nf3 d6 14. Qd2 Nb6 15.
Bg2 dxe5 16. O-O Rad8 17. Qa5 e4 18. Bxg7 exf3 19. Bxf3 Bxc4 20. bxc4 Kxg7 21.
Bxc6 Nxc4 22. Qc3+ Ne5 23. Bxe8 Rd3 24. Qb2 Qxe8 25. Rae1 f6 26. Re3 Nf3+ 27.
Kg2 Qa8 28. Rc1 Nh4+ 29. Kf1 Qh1+ 30. Ke2 Rxe3+ 31. Kxe3 Nf5+ 32. Kf4 Nd6 33.
Rxh1 g5+ 34. Kf3 g4+ 35. Kxg4 h5+ 36. Kxh5 Kh7 37. Qxf6 Kg8 38. Rb1 Ne4 39.
Rb8+ Kh7 40. Rh8# 1-0

[Event "NAYCC U10"]
[Site "Kingston CAN"]
[Date "2019.08.19"]
[Round "7.27"]
[White "Yao, Henry"]
[Black "Soni, Arjun"]
[Result "1-0"]
[WhiteElo "1405"]
[BlackElo "1665"]
[PlyCount "169"]
[EventDate "2019.08.16"]
[EventType "swiss"]
[EventRounds "9"]
[EventCountry "CAN"]

1. e4 e5 2. Nf3 Nc6 3. Bc4 Bc5 4. d3 d6 5. Nbd2 Nf6 6. O-O h6 7. Re1 O-O 8. Nf1
Be6 9. Bb3 a5 10. c3 a4 11. Bxa4 Bg4 12. Bc2 Ne7 13. Ng3 Ng6 14. h3 Bxf3 15.
Qxf3 Nh4 16. Qe2 Re8 17. a3 Bb6 18. Bd2 c6 19. Rad1 d5 20. Qf1 Ng6 21. Nf5 Ne7
22. Ng3 Nc8 23. Qe2 Nd6 24. Bb3 Bc5 25. Ba2 Ba7 26. Qf3 d4 27. c4 Rc8 28. b4 c5
29. b5 Bb6 30. Bb3 Ba5 31. a4 Bxd2 32. Rxd2 Qa5 33. Qd1 b6 34. Ra2 Nb7 35. Nf5
Kh7 36. Qd2 Qxd2 37. Rxd2 Na5 38. Bd1 Re6 39. Ng3 Ra8 40. Ne2 Ne8 41. Nc1 g6
42. Nb3 Nxb3 43. Bxb3 f5 44. f3 fxe4 45. fxe4 Nf6 46. g3 Nh5 47. Kg2 Rf8 48.
Rf2 Rxf2+ 49. Kxf2 Rf6+ 50. Kg2 Ng7 51. Ra1 Kg8 52. a5 bxa5 53. Rxa5 Rf7 54.
Ba4 Rb7 55. Ra6 Kf7 56. b6 Ne8 57. Bc6 Rb8 58. b7 Nc7 59. Ra8 Nxa8 60. bxa8=Q
Rxa8 61. Bxa8 Ke6 62. Bc6 Kd6 63. Ba4 Kc7 64. Be8 g5 65. Kf3 Kb6 66. Kg4 Ka5
67. Kf5 Kb4 68. Kxe5 Kc3 69. Kd5 Kxd3 70. Bh5 Kc3 71. e5 Kc2 72. e6 d3 73. e7
d2 74. e8=Q d1=Q+ 75. Bxd1+ Kxd1 76. Qe3 h5 77. g4 hxg4 78. hxg4 Kc2 79. Ke4
Kb2 80. Qd3 Ka2 81. Qc3 Kb1 82. Qd2 Ka1 83. Kd3 Kb1 84. Kc3 Ka1 85. Qb2# 1-0

[Event "NAYCC U10"]
[Site "Kingston CAN"]
[Date "2019.08.19"]
[Round "7.28"]
[White "Liu, Lucas"]
[Black "Zhang, Brian"]
[Result "1-0"]
[WhiteElo "1401"]
[BlackElo "1526"]
[PlyCount "126"]
[EventDate "2019.08.16"]
[EventType "swiss"]
[EventRounds "9"]
[EventCountry "CAN"]

1. d4 Nf6 2. c4 c5 3. Nf3 cxd4 4. Nxd4 Nc6 5. g3 e5 6. Nb5 d6 7. Bg2 Be7 8. O-O
O-O 9. Bg5 a6 10. N5c3 Be6 11. Bxf6 Bxf6 12. Nd5 Be7 13. Nbc3 f5 14. Qd2 Rc8
15. Rad1 Qe8 16. b3 Qh5 17. Nxe7+ Nxe7 18. Qxd6 Qf7 19. Bxb7 Rb8 20. Bg2 Ng6
21. Bd5 Bxd5 22. Qxd5 Qxd5 23. Rxd5 Kf7 24. Rfd1 Rfe8 25. c5 Rec8 26. Na4 Rc6
27. Rd6 Rcc8 28. Rxa6 Rc7 29. Rad6 Rbc8 30. Rc1 Ke7 31. Rb6 Ra8 32. Rxg6 hxg6
33. Nb6 Rac8 34. Nxc8+ Rxc8 35. b4 Kd7 36. b5 Rb8 37. a4 Ra8 38. Rc4 Kc7 39.
Kf1 Ra5 40. Ke1 Ra8 41. Kd2 Rd8+ 42. Kc3 Ra8 43. Kb4 Rb8 44. a5 Ra8 45. a6 Rb8
46. b6+ Rxb6+ 47. cxb6+ Kxb6 48. Rc8 Kxa6 49. Rc7 Kb6 50. Rxg7 Kc6 51. Rxg6+
Kd5 52. h4 Kd4 53. h5 f4 54. gxf4 exf4 55. h6 f3 56. exf3 Kd3 57. h7 Ke2 58.
h8=Q Kxf3 59. Rd6 Kf4 60. Qf6+ Kg4 61. Rd4+ Kh3 62. Rd3+ Kg2 63. Qf3+ Kh2 1-0

[Event "NAYCC U10"]
[Site "Kingston CAN"]
[Date "2019.08.19"]
[Round "7.29"]
[White "Yang, Andersen"]
[Black "Vemparala, Nikash"]
[Result "0-1"]
[WhiteElo "1400"]
[BlackElo "1485"]
[PlyCount "82"]
[EventDate "2019.08.16"]
[EventType "swiss"]
[EventRounds "9"]
[EventCountry "CAN"]

1. e4 e5 2. Nf3 Nc6 3. d4 exd4 4. Nxd4 Bc5 5. Be3 Qf6 6. Nb5 Bxe3 7. fxe3 Qd8
8. Qf3 Nf6 9. Bc4 Ne5 10. Qe2 d6 11. O-O Bg4 12. Bxf7+ Nxf7 13. Qc4 c6 14. N1c3
O-O 15. Na3 Kh8 16. Rf2 Ne5 17. Qd4 c5 18. Qd2 a6 19. Rf4 b5 20. Ne2 b4 21. Nb1
Nc4 22. Qd3 Nxb2 23. Qb3 Bxe2 24. Qxb2 Bb5 25. Nd2 Qe7 26. c4 Bc6 27. Raf1 Bxe4
28. Nxe4 Nxe4 29. Rxf8+ Rxf8 30. Re1 h6 31. Qe2 Rf2 32. Qh5 Rxa2 33. Rf1 Nf6
34. Qh3 b3 35. Qc8+ Kh7 36. Qf5+ Kg8 37. Qc8+ Ne8 38. Qh3 b2 39. Kh1 Ra1 40.
Rg1 b1=Q 41. Rxb1 Rxb1# 0-1

[Event "NAYCC U10"]
[Site "Kingston CAN"]
[Date "2019.08.19"]
[Round "7.30"]
[White "Shi, Michael"]
[Black "Williamson, Mobius"]
[Result "1-0"]
[WhiteElo "1795"]
[BlackElo "1420"]
[PlyCount "93"]
[EventDate "2019.08.16"]
[EventType "swiss"]
[EventRounds "9"]
[EventCountry "CAN"]

1. e4 e5 2. Nf3 Nc6 3. Bc4 Nf6 4. d3 Bc5 5. Nc3 a6 6. O-O d6 7. h3 h6 8. Be3
Bxe3 9. fxe3 Be6 10. Bb3 O-O 11. d4 exd4 12. exd4 Bxb3 13. axb3 Re8 14. Re1 Ne7
15. Qd2 Ng6 16. Rad1 d5 17. exd5 Rxe1+ 18. Rxe1 Nxd5 19. Nxd5 Qxd5 20. c4 Qd7
21. Ne5 Nxe5 22. Rxe5 Re8 23. Qe3 Rxe5 24. Qxe5 Qc6 25. Kh2 Qd6 26. Qxd6 cxd6
27. Kg3 Kf8 28. Kf4 Ke7 29. g4 a5 30. Ke4 Ke6 31. h4 g6 32. h5 g5 33. d5+ Ke7
34. Kf5 b6 35. b4 axb4 36. b3 Kd7 37. Kf6 Ke8 38. Kg7 Ke7 39. Kxh6 Kf6 40. Kh7
Ke7 41. Kg7 f5 42. gxf5 g4 43. f6+ Kd7 44. f7 g3 45. f8=Q g2 46. Qf2 g1=Q+ 47.
Qxg1 1-0

[Event "NAYCC U10"]
[Site "Kingston CAN"]
[Date "2019.08.19"]
[Round "7.31"]
[White "Ran, Sean"]
[Black "Darvekar, Yash"]
[Result "1/2-1/2"]
[WhiteElo "1264"]
[BlackElo "1505"]
[PlyCount "114"]
[EventDate "2019.08.16"]
[EventType "swiss"]
[EventRounds "9"]
[EventCountry "CAN"]

1. e4 c5 2. Nc3 g6 3. f4 Bg7 4. Nf3 d6 5. Bc4 Nc6 6. O-O Nf6 7. d3 Bg4 8. h3
Bxf3 9. Qxf3 O-O 10. Ne2 e6 11. Bb3 Nd7 12. Qg3 Nd4 13. Nxd4 Bxd4+ 14. Kh1 Bg7
15. f5 Qe7 16. Bg5 Nf6 17. Rae1 Nh5 18. Qh4 Nf6 19. c3 Kh8 20. d4 cxd4 21. cxd4
e5 22. d5 Kg8 23. Rf3 h6 24. Bxh6 Qc7 25. Ref1 Nh5 26. Bxg7 Kxg7 27. g4 Nf6 28.
g5 Nh5 29. Bd1 Rh8 30. fxg6 fxg6 31. Rc3 Qe7 32. Bxh5 Rxh5 33. Qg4 Rxg5 34. Qe6
Re8 35. Rfc1 Qxe6 36. dxe6 Rxe6 37. Rc7+ Kf6 38. Rxb7 Rh5 39. Rf1+ Kg5 40. Rf3
Rh4 41. Rg3+ Kf4 42. Rg4+ Rxg4 43. hxg4 Kxg4 44. Rxa7 Kf4 45. Ra4 g5 46. Rc4
Re7 47. b4 Ra7 48. Rc2 Kxe4 49. b5 Ra5 50. Rb2 Kd5 51. b6 Ra8 52. a4 Rb8 53. a5
Kc6 54. Kg2 d5 55. Kf2 Rb7 56. Ke3 Kc5 57. Ra2 Rb8 1/2-1/2

[Event "NAYCC U10"]
[Site "Kingston CAN"]
[Date "2019.08.19"]
[Round "7.32"]
[White "Wang, Alexander"]
[Black "Chinni, Rishabh"]
[Result "1-0"]
[WhiteElo "1487"]
[BlackElo "1324"]
[PlyCount "149"]
[EventDate "2019.08.16"]
[EventType "swiss"]
[EventRounds "9"]
[EventCountry "CAN"]

1. e4 e5 2. Nf3 Nc6 3. Bb5 a6 4. Ba4 Nf6 5. O-O b5 6. Bb3 Bc5 7. c3 d6 8. d4
Bb6 9. h3 O-O 10. Re1 Re8 11. Bg5 h6 12. Bh4 g5 13. Bg3 exd4 14. cxd4 Rxe4 15.
Rxe4 Nxe4 16. Bd5 Qe8 17. Qc2 Nb4 18. Qxe4 Qxe4 19. Bxe4 d5 20. Nc3 dxe4 21.
Nxe4 Bb7 22. Nf6+ Kg7 23. Be5 Nc6 24. Rc1 Nxe5 25. dxe5 Bxf3 26. gxf3 Rd8 27.
Rc2 Bd4 28. Rd2 c6 29. Nh5+ Kg6 30. Ng3 Rd5 31. Ne4 Bxe5 32. Rc2 Rd1+ 33. Kg2
f5 34. Rxc6+ Kf7 35. Ng3 f4 36. Nf5 h5 37. Rxa6 Bxb2 38. Nd6+ Ke7 39. Nxb5 Bf6
40. a4 Rd7 41. Rc6 Rd5 42. Rc7+ Rd7 43. Rxd7+ Kxd7 44. Kf1 Kc6 45. Ke2 Kc5 46.
Kd3 Kb4 47. Ke4 Kxa4 48. Kf5 Bd8 49. Nc3+ Kb3 50. Ne4 Kc2 51. Nxg5 Bb6 52. Ne4
Be3 53. fxe3 fxe3 54. Ng3 h4 55. Ne2 Kd2 56. Nf4 e2 57. Nxe2 Kxe2 58. Kg4 Ke3
59. f4 Ke4 60. f5 Ke5 61. Kg5 Kd6 62. f6 Kd7 63. Kg6 Ke8 64. Kg7 Kd7 65. f7 Ke6
66. f8=Q Ke5 67. Qf7 Ke4 68. Qf6 Kd5 69. Qe7 Kc6 70. Qd8 Kc5 71. Kf6 Kc4 72.
Ke5 Kc5 73. Qc7+ Kb5 74. Kd4 Ka4 75. Qb6 1-0

[Event "NAYCC U10"]
[Site "Kingston CAN"]
[Date "2019.08.19"]
[Round "7.33"]
[White "Qian, Eric"]
[Black "Liu, Eric"]
[Result "0-1"]
[WhiteElo "1152"]
[BlackElo "1459"]
[PlyCount "112"]
[EventDate "2019.08.16"]
[EventType "swiss"]
[EventRounds "9"]
[EventCountry "CAN"]

1. e4 c5 2. Nf3 Nc6 3. d4 cxd4 4. Nxd4 g6 5. Nc3 Bg7 6. Be3 Nf6 7. Bd3 O-O 8.
O-O d6 9. f3 a6 10. Qd2 Bd7 11. Kh1 Qc7 12. Nde2 b5 13. a3 Rad8 14. Nf4 e6 15.
Qf2 Rb8 16. Na2 d5 17. exd5 Nxd5 18. Nxd5 exd5 19. c3 Be6 20. Nc1 Ne5 21. Be2
Nc4 22. Bc5 Rfc8 23. b4 Bxc3 24. Ra2 Bg7 25. Nb3 Nb6 26. Rc1 Nc4 27. Nd4 Qf4
28. Rc3 Rxc5 29. Nxe6 fxe6 30. Rxc4 Rxc4 31. Bxc4 Qxc4 32. Rc2 Qd3 33. Re2 Bd4
34. Qe1 e5 35. Ra2 Rc8 36. h3 Qe3 37. Qxe3 Bxe3 38. g4 d4 39. Ra1 Rc1+ 40. Rxc1
Bxc1 41. Kg2 Bxa3 42. Kf2 Bxb4 43. Ke2 Bc3 44. Kd3 b4 45. Kc4 a5 46. Kb3 a4+
47. Kxa4 d3 48. Kb3 d2 49. Kc2 Kf7 50. h4 b3+ 51. Kd1 b2 52. Kc2 b1=Q+ 53. Kxb1
d1=Q+ 54. Ka2 Qc2+ 55. Ka3 Qb2+ 56. Ka4 Qb4# 0-1

[Event "NAYCC U10"]
[Site "Kingston CAN"]
[Date "2019.08.19"]
[Round "7.34"]
[White "Wang, Andy Zixin"]
[Black "Zhang, Daniel"]
[Result "1-0"]
[WhiteElo "1482"]
[BlackElo "1267"]
[PlyCount "91"]
[EventDate "2019.08.16"]
[EventType "swiss"]
[EventRounds "9"]
[EventCountry "CAN"]

1. e4 e6 2. d4 d5 3. exd5 exd5 4. Nf3 Nf6 5. Bd3 Be7 6. Bf4 O-O 7. O-O Bg4 8.
Nbd2 Re8 9. c3 c6 10. Qc2 Bd6 11. Bxd6 Qxd6 12. Ne5 Bh5 13. Ndf3 h6 14. h3 Bxf3
15. Nxf3 Nbd7 16. Rfe1 Nh5 17. g3 Nf8 18. Ne5 Nd7 19. Nf3 Qf6 20. Kg2 Nf8 21.
Re5 Rxe5 22. Nxe5 g6 23. Re1 Ng7 24. Ng4 Qg5 25. f4 Qd8 26. Nxh6+ Kh7 27. Nxf7
Qf6 28. Ne5 Nf5 29. Bxf5 gxf5 30. Nf3 Ng6 31. Re6 Qf8 32. Ng5+ Kg7 33. Qe2 Qh8
34. h4 Nf8 35. Qe5+ Kg8 36. Qxh8+ Kxh8 37. Re5 Ng6 38. Rxf5 Kg8 39. Nf3 Re8 40.
Ne5 Ne7 41. Rf7 a5 42. h5 b5 43. h6 b4 44. h7+ Kh8 45. Rxe7 Rxe7 46. Ng6+ 1-0

[Event "NAYCC U10"]
[Site "Kingston CAN"]
[Date "2019.08.19"]
[Round "7.35"]
[White "Huang, Winston"]
[Black "Reyes, Isaac"]
[Result "0-1"]
[WhiteElo "1220"]
[BlackElo "1451"]
[PlyCount "149"]
[EventDate "2019.08.16"]
[EventType "swiss"]
[EventRounds "9"]
[EventCountry "CAN"]

1. d4 d5 2. c4 e6 3. Nc3 Nf6 4. Bg5 Nbd7 5. e3 Be7 6. Nf3 O-O 7. Bd3 h6 8. Bh4
c5 9. O-O Qc7 10. cxd5 exd5 11. Re1 c4 12. Bc2 Bb4 13. a3 Bxc3 14. bxc3 Qa5 15.
Bxf6 Nxf6 16. Qd2 Bg4 17. Ne5 Be6 18. e4 dxe4 19. Bxe4 Nxe4 20. Rxe4 Rad8 21.
Re3 Rd6 22. Rg3 Qxe5 23. Re1 Qf6 24. Ree3 Rb6 25. h3 g5 26. Ref3 Qe7 27. h4 f6
28. hxg5 fxg5 29. Rxf8+ Qxf8 30. f4 g4 31. d5 Rd6 32. Qe3 Bxd5 33. Rxg4+ Kh7
34. Rg3 Re6 35. Qd4 Bc6 36. Qxc4 Rf6 37. Qd3+ Rf5 38. Rh3 Qf7 39. g4 Bd7 40.
Rh2 Qg6 41. Qxd7+ Rf7 42. Qd1 Rxf4 43. Rf2 Rxg4+ 44. Kh1 Rh4+ 45. Rh2 Qe4+ 46.
Kg1 Rg4+ 47. Kf1 Rf4+ 48. Kg1 Qe3+ 49. Kh1 Qe4+ 50. Kg1 Rg4+ 51. Kf1 Qf4+ 52.
Rf2 Qc4+ 53. Re2 Rf4+ 54. Kg1 Qc5+ 55. Kh1 Qh5+ 56. Kg1 Rg4+ 57. Kf2 Qf5+ 58.
Ke3 Re4+ 59. Kd2 Qd5+ 60. Ke1 Qxd1+ 61. Kxd1 Rxe2 62. Kxe2 Kg6 63. Kf3 Kf5 64.
a4 Ke5 65. c4 Kd4 66. a5 Kxc4 67. a6 b5 68. Kg4 b4 69. Kh5 b3 70. Kxh6 b2 71.
Kg5 b1=Q 72. Kh6 Qg1 73. Kh5 Kd4 74. Kh4 Ke4 75. Kh3 0-1

[Event "NAYCC U10"]
[Site "Kingston CAN"]
[Date "2019.08.19"]
[Round "7.36"]
[White "Liang, Leon"]
[Black "Garcia, Maximiliano"]
[Result "1-0"]
[WhiteElo "1198"]
[BlackElo "1391"]
[PlyCount "111"]
[EventDate "2019.08.16"]
[EventType "swiss"]
[EventRounds "9"]
[EventCountry "CAN"]

1. e4 g6 2. d4 Bg7 3. Nf3 d6 4. Bc4 Nf6 5. Nc3 O-O 6. O-O c5 7. d5 Nbd7 8. h3
e5 9. dxe6 fxe6 10. Bxe6+ Kh8 11. Ng5 Ne5 12. f4 Qe7 13. fxe5 Bxe6 14. exf6
Bxf6 15. Nxe6 Qxe6 16. Qd5 Qxd5 17. exd5 Bd4+ 18. Be3 Bxe3+ 19. Kh1 Kg7 20.
Rxf8 Rxf8 21. Nb5 a6 22. Nxd6 b6 23. Nc4 Bd4 24. c3 b5 25. cxd4 bxc4 26. dxc5
Rf5 27. Rc1 Rxd5 28. Rxc4 Rd8 29. c6 Rc8 30. Kh2 h6 31. b4 Kf6 32. a4 Ke6 33.
b5 axb5 34. axb5 Kd6 35. Rb4 Kc7 36. h4 Kb6 37. Kh3 Kc5 38. Rb1 Kb6 39. g3 Kc7
40. Kg4 Kb6 41. Kf4 Kc7 42. Rc1 Kb6 43. c7 Kxb5 44. Ke5 Kb6 45. Kd6 Kb7 46. Kd7
h5 47. Rc2 g5 48. hxg5 h4 49. gxh4 Rh8 50. c8=Q+ Rxc8 51. Rxc8 Kb6 52. g6 Kb5
53. g7 Ka4 54. g8=Q Ka3 55. Rb8 Ka4 56. Qa2# 1-0

[Event "NAYCC U10"]
[Site "Kingston CAN"]
[Date "2019.08.19"]
[Round "7.37"]
[White "Chen, Vincent"]
[Black "Jin, Harold"]
[Result "1-0"]
[WhiteElo "1368"]
[BlackElo "1188"]
[PlyCount "155"]
[EventDate "2019.08.16"]
[EventType "swiss"]
[EventRounds "9"]
[EventCountry "CAN"]

1. e4 c5 2. Nf3 d6 3. d4 cxd4 4. Nxd4 Nf6 5. Nc3 a6 6. Bg5 e6 7. f4 Be7 8. Qf3
O-O 9. O-O-O Nbd7 10. Bc4 b5 11. e5 Nd5 12. Bxe7 Qxe7 13. Bxd5 exd5 14. Nxd5
Qd8 15. Nc6 Qh4 16. g3 Qh6 17. Nc7 Bb7 18. Ne7+ Kh8 19. Qxb7 Rfb8 20. Qxa8 Rxa8
21. Nxa8 Nxe5 22. Nf5 Qe6 23. Rxd6 Qc8 24. Rhd1 Nc6 25. Rxc6 Qxa8 26. Ne7 h6
27. Rc8+ Qxc8 28. Nxc8 Kh7 29. Rd6 f6 30. Rxa6 Kg6 31. Ne7+ Kh5 32. Nf5 Kg4 33.
Rxf6 gxf6 34. Nxh6+ Kh5 35. g4+ Kxh6 36. h4 f5 37. g5+ Kg6 38. Kd2 Kh5 39. Kc3
Kg6 40. Kb4 Kh5 41. Kxb5 Kg6 42. c4 Kh5 43. c5 Kxh4 44. g6 Kg4 45. g7 Kxf4 46.
g8=B Ke4 47. Bh7 Ke5 48. Bxf5 Kxf5 49. c6 Ke6 50. Kb6 Ke7 51. c7 Kd7 52. Kb7
Kd6 53. c8=B Ke7 54. b4 Kd8 55. b5 Ke7 56. a4 Kd8 57. a5 Ke7 58. Kc7 Ke8 59. b6
Ke7 60. b7 Ke8 61. b8=B Kf7 62. Kd6 Kg6 63. Ke5 Kg5 64. a6 Kg6 65. Bd6 Kf7 66.
Be6+ Ke8 67. a7 Kd8 68. a8=N Ke8 69. Bc7 Kf8 70. Kf6 Ke8 71. Kg6 Ke7 72. Kf5
Ke8 73. Kf6 Kf8 74. Bd7 Kg8 75. Kg6 Kf8 76. Bd6+ Kg8 77. Be6+ Kh8 78. Be5# 1-0